000 00760nam a2200217 a 4500
001 8564
003 CO-ViMGA
008 141112s2004 ck r 000 u spa d
020 _a9589004274
040 _aCO-ViMGA
_bspa
_cCO-ViMGA
082 0 4 _a364.16209861 S671
100 1 _aSOSA ABELLA, GUILLERMO
_98415
245 1 0 _aLABRADORES TEJEDORES Y LADRONES :
_bHURTOS Y HOMICIDIOS EN LA PROVINCIA DE TUNJA 1745 - 1810 /
_cSOSA ABELLA GUILLERMO
260 _aBogotá,
_cINSTITUTO COLOMBIANO DE CULTURA HISPANICA,
_c1993
300 _a152 p.
490 _aCOLECCION CUADERNOS DE HISTORIA COLONIAL; 1
650 1 4 _aHOMICIDIO - HISTORIA - TUNJA
_98416
650 1 4 _aHURTO - HISTORIA - TUNJA
_98417
650 1 4 _aJUSTICIA - HISTORIA - TUNJA
_98418
942 _2ddc
_cBK
999 _c20207
_d20207